|
|
|
|
| LEADER |
00000nam a22000007a 4500 |
| 005 |
20151102102744.0 |
| 007 |
cr|||| ||u| |
| 008 |
151102s20159999sp m||pss|||| 0|||b1spa d |
| 035 |
|
|
|a 12915
|
| 040 |
|
|
|a vLex
|
| 090 |
|
|
|c 5640
|d 5640
|
| 245 |
1 |
0 |
|a Blog de actualidad vLex
|h [Recurso electrn̤ico] /
|c Editorial vLex
|
| 256 |
|
|
|a Servicio en ln̕ea
|
| 260 |
|
|
|a Barcelona
|b Editorial vLex
|c 2015
|
| 300 |
|
|
|a 1 recurso electrn̤ico
|
| 310 |
|
|
|a Mensual
|
| 506 |
1 |
|
|a Contenido solo disponible en los productos indicados
|d vLex Global
|d vLex Global (Academic Edition, excluding Law Schools)
|d vLex Global (U.S. Academic Edition, Law Schools)
|d vLex Global (U.S. Academic Edition, excluding Law Schools)
|d vLex Global (Academic Edition, Law Schools)
|
| 650 |
0 |
4 |
|a Derecho
|z Espaą
|
| 740 |
0 |
|
|a vLex revista (servicio en ln̕ea)
|
| 856 |
4 |
0 |
|u http://vlex.com/source/blog-de-actualidad-vlex-12915
|z Acceso restringido
|
| 942 |
|
|
|c REV
|
| 999 |
0 |
|
|a Law
|